Mid-Sized States by Area Minefield Quiz Stats

 Plays Quiz Updated Aug 2, 2017

Support Sporcle.
Go Orange.
Score 0/30 Timer 05:00
4 Plays Today
Area (sq mi) - Rank State % Correct
82,276 - 15???
52.9%
44,825 - 34???
52.4%
52,419 - 30???
51.3%
36,417 - 38???
51%
57,914 - 25???
49.8%
56,272 - 26???
49.6%
40,409 - 37???
48.4%
53,819 - 28???
48.3%
48,430 - 32???
48.2%
42,143 - 36???
47.6%
59,425 - 24???
47.2%
53,179 - 29???
46.5%
77,354 - 16???
46.2%
42,774 - 35???
45%
69,704 - 21???
43.5%
Area (sq mi) - Rank State % Correct
69,898 - 20???
43.4%
77,116 - 17???
42.6%
70,700 - 19???
42.5%
32,020 - 40???
42.2%
54,556 - 27???
41.7%
51,840 - 31???
41.5%
46,055 - 33???
39.5%
65,498 - 23???
39.5%
65,755 - 22???
34.5%
71,300 - 18???
34.4%
35,384 - 39???
32.7%
86,938 - 12???
27.5%
83,570 - 14???
26.8%
84,899 - 13???
25.9%
96,716 - 11???
7.4%

You're not logged in!

Compare scores with friends on all Sporcle quizzes.
OR
Log In
Forgot?

From the Vault

Dopey Disney

by Hejman

Never pause a Disney film.
Remove Ads.
Support Sporcle.
Get the best of Sporcle when you Go Orange. This ad-free experience offers more features, more stats, and more fun while also helping to support Sporcle. Thank you for becoming a member.

Show Comments

Extras

Top Quizzes Today


Score Distribution

Your Account Isn't Verified!

In order to create a playlist on Sporcle, you need to verify the email address you used during registration. Go to your Sporcle Settings to finish the process.

Report this User

Report this user for behavior that violates our Community Guidelines.

Details: